[Event "España ch-2015 sub-16"]
[Site "Salobreña ESP"]
[Date "2015.07.24"]
[Round "8.17"]
[White "Redondo Benavente, Ana"]
[Black "Jimenez Ruano, Adrian"]
[Result "1/2-1/2"]
[WhiteElo "1920"]
[BlackElo "2053"]
[PlyCount "94"]
[EventDate "2015.07.20"]
[EventType "swiss"]
[EventRounds "9"]
[EventCountry "ESP"]
[Source "lmi"]
[SourceDate "2015.07.20"]

1. e4 c5 2. c3 d5 3. exd5 Qxd5 4. d4 e6 5. Nf3 Nf6 6. Be3 Be7 7. dxc5 Qxd1+ 8.
Kxd1 O-O 9. Nbd2 Nd5 10. Bd4 Nd7 11. c4 Nb4 12. a3 Nc6 13. Be3 a5 14. Ne4 f5
15. Nd6 f4 16. Bd2 Nxc5 17. Nxc8 Raxc8 18. Kc2 e5 19. Bc3 Ne4 20. Nxe5 Nxe5 21.
Bxe5 Nxf2 22. Rg1 Ng4 23. Bd4 Ne3+ 24. Kc3 Nf5 25. Bf2 b5 26. Re1 b4+ 27. Kb3
bxa3 28. bxa3 Rb8+ 29. Ka2 Bf6 30. Rb1 Rfd8 31. Bd3 Rxb1 32. Bxb1 Ne3 33. Bxe3
fxe3 34. Be4 a4 35. Bd5+ Rxd5 36. cxd5 Bc3 37. d6 Kf7 38. Rf1+ Ke6 39. Rf4 Kxd6
40. Re4 Bd2 41. Kb1 Kd5 42. Re8 Kd4 43. Kc2 Ba5 44. Kd1 Kd3 45. Re7 Bc3 46.
Rd7+ Bd4 47. Re7 Bb2 1/2-1/2

[Event "España ch-2015 sub-16"]
[Site "Salobreña ESP"]
[Date "2015.07.24"]
[Round "8.18"]
[White "Rottenwohrer Suarez, Juan"]
[Black "Martin Carmona, Gaston Manuel"]
[Result "1/2-1/2"]
[WhiteElo "1850"]
[BlackElo "2049"]
[PlyCount "142"]
[EventDate "2015.07.20"]
[EventType "swiss"]
[EventRounds "9"]
[EventCountry "ESP"]
[Source "lmi"]
[SourceDate "2015.07.20"]

1. Nf3 Nf6 2. c4 c5 3. Nc3 g6 4. g3 Bg7 5. Bg2 Nc6 6. d4 cxd4 7. Nxd4 O-O 8.
O-O Nxd4 9. Qxd4 d6 10. Qd3 Bf5 11. e4 Be6 12. b3 Rc8 13. Bb2 Nd7 14. Qe2 Bxc3
15. Bxc3 b5 16. Qe3 bxc4 17. b4 Qb6 18. Qh6 f6 19. a4 Ne5 20. a5 Qb5 21. h3 d5
22. f4 Nf7 23. Qh4 dxe4 24. Bxe4 Bf5 25. Bf3 Bd3 26. Rfe1 Qd7 27. Bg4 Bf5 28.
Rad1 Nd6 29. Bf3 Bd3 30. Bd5+ Kg7 31. Be6 Qc7 32. Bxc8 Rxc8 33. Qg4 Ne4 34.
Rxe4 Bxe4 35. Rd7 Bf5 36. Rxc7 Bxg4 37. Rxe7+ Kf8 38. Rxh7 Be6 39. Bxf6 c3 40.
Bxc3 Rxc3 41. Rxa7 Rxg3+ 42. Kf2 Rb3 43. Rb7 Bc4 44. Rb6 Kg7 45. a6 Bxa6 46.
Rxa6 Rxb4 47. Kg3 Rb3+ 48. Kg4 Rb1 49. Ra7+ Kf6 50. Ra6+ Kg7 51. Ra3 Rb5 52.
Rf3 Rf5 53. Rg3 Ra5 54. Rc3 Ra1 55. Rc7+ Kf6 56. Rc6+ Kg7 57. Rc5 Rg1+ 58. Kf3
Rf1+ 59. Kg3 Rg1+ 60. Kf2 Ra1 61. h4 Rh1 62. Kg3 Rg1+ 63. Kh3 Rh1+ 64. Kg3 Rg1+
65. Kh3 Rf1 66. Kg3 Rg1+ 67. Kh3 Rh1+ 68. Kg3 Rg1+ 69. Kh3 Rh1+ 70. Kg3 Rg1+
71. Kh3 Rh1+ 1/2-1/2

[Event "España ch-2015 sub-16"]
[Site "Salobreña ESP"]
[Date "2015.07.24"]
[Round "8.19"]
[White "Callejas Rojas, Francisco Miguel"]
[Black "Perez Beltran, Jose Maria"]
[Result "1/2-1/2"]
[WhiteElo "1839"]
[BlackElo "2011"]
[PlyCount "66"]
[EventDate "2015.07.20"]
[EventType "swiss"]
[EventRounds "9"]
[EventCountry "ESP"]
[Source "lmi"]
[SourceDate "2015.07.20"]

1. d4 Nf6 2. c4 e6 3. Nc3 Bb4 4. Qc2 O-O 5. a3 Bxc3+ 6. Qxc3 b6 7. Bg5 Bb7 8.
e3 d6 9. f3 Nbd7 10. Bd3 h6 11. Bh4 c5 12. Ne2 Rc8 13. Qd2 Qe7 14. O-O cxd4 15.
exd4 d5 16. b3 e5 17. Bf5 Rcd8 18. Rfe1 dxc4 19. bxc4 exd4 20. Qxd4 Ne5 21. Qf4
Qc5+ 22. Bf2 Qa5 23. c5 Nd3 24. Bxd3 Rxd3 25. Bd4 Rxa3 26. Rac1 Ra4 27. Qd6
bxc5 28. Bxf6 gxf6 29. Qxf6 Qb6 30. Qf5 c4+ 31. Kh1 Qg1+ 32. Nxg1 Ra8 33. Qc8+
Bxc8 1/2-1/2

[Event "España ch-2015 sub-16"]
[Site "Salobreña ESP"]
[Date "2015.07.24"]
[Round "8.20"]
[White "Motos Abellan, Daniel"]
[Black "Serrano Leiva, Ana"]
[Result "1/2-1/2"]
[WhiteElo "1994"]
[BlackElo "1889"]
[PlyCount "84"]
[EventDate "2015.07.20"]
[EventType "swiss"]
[EventRounds "9"]
[EventCountry "ESP"]
[Source "lmi"]
[SourceDate "2015.07.20"]

1. d4 Nf6 2. c4 e6 3. Nc3 c5 4. d5 exd5 5. cxd5 Bd6 6. e4 O-O 7. Bd3 Re8 8.
Nge2 Bf8 9. O-O d6 10. b3 a6 11. a4 Nbd7 12. Bb2 Rb8 13. f3 Ne5 14. f4 Ng6 15.
Qc2 Ng4 16. Qd2 Bd7 17. h3 Nf6 18. a5 b5 19. axb6 Rxb6 20. Bc2 Bb5 21. Na4 Rb8
22. Bxf6 Qxf6 23. Bd3 Qe7 24. Nac3 Qd7 25. Rfe1 Be7 26. Nxb5 axb5 27. e5 Bh4
28. g3 Qxh3 29. Bxg6 Bxg3 30. Bxh7+ Kh8 31. Nxg3 Qxg3+ 32. Qg2 Qxg2+ 33. Kxg2
Kxh7 34. exd6 Red8 35. Ra6 c4 36. bxc4 bxc4 37. Rc6 Rb5 38. Rd1 c3 39. d7 g6
40. Rxc3 Rxd7 41. Rcd3 Kg7 42. Kf3 f5 1/2-1/2

[Event "España ch-2015 sub-16"]
[Site "Salobreña ESP"]
[Date "2015.07.24"]
[Round "8.21"]
[White "Pulido Leon, Manuel"]
[Black "Lerendegui Lasa, Odei"]
[Result "0-1"]
[WhiteElo "1991"]
[BlackElo "1797"]
[PlyCount "88"]
[EventDate "2015.07.20"]
[EventType "swiss"]
[EventRounds "9"]
[EventCountry "ESP"]
[Source "lmi"]
[SourceDate "2015.07.20"]

1. e4 c5 2. f4 d5 3. exd5 Nf6 4. Nc3 Nxd5 5. Nxd5 Qxd5 6. d3 Nc6 7. Nf3 g6 8.
Be2 Bg7 9. O-O O-O 10. c3 Rd8 11. Be3 b6 12. Qd2 Bb7 13. Rf2 e5 14. fxe5 Nxe5
15. Nxe5 Qxe5 16. Raf1 f5 17. g4 fxg4 18. Bxg4 Qd6 19. Bh6 Rf8 20. Qe3 Bd5 21.
Bf4 Qd8 22. Be6+ Kh8 23. Bg5 Qd6 24. Rxf8+ Rxf8 25. Rxf8+ Bxf8 26. Bxd5 Qxd5
27. Bf6+ Kg8 28. c4 Qf5 29. Qe5 Kf7 30. Qxf5 gxf5 31. Be5 Ke6 32. Bb8 Kd7 33.
Bg3 Bd6 34. Kf2 Bxg3+ 35. Kxg3 Ke6 36. Kf4 a5 37. a4 Kf6 38. b3 Ke6 39. h3 Kf6
40. Kf3 Ke5 41. Ke3 h6 42. h4 f4+ 43. Kf2 Kf5 44. h5 Ke5 0-1

[Event "España ch-2015 sub-16"]
[Site "Salobreña ESP"]
[Date "2015.07.24"]
[Round "8.22"]
[White "Porta Tovar, Guillem"]
[Black "Mari Copa, Adria"]
[Result "1/2-1/2"]
[WhiteElo "1945"]
[BlackElo "2136"]
[PlyCount "35"]
[EventDate "2015.07.20"]
[EventType "swiss"]
[EventRounds "9"]
[EventCountry "ESP"]
[Source "lmi"]
[SourceDate "2015.07.20"]

1. e4 c5 2. Nf3 Nc6 3. d4 cxd4 4. Nxd4 e5 5. Nb5 d6 6. Bc4 Be6 7. Bxe6 fxe6 8.
Qh5+ g6 9. Qh3 Qd7 10. f4 a6 11. N5c3 Nf6 12. O-O Be7 13. fxe5 Nxe5 14. Bh6 Bd8
15. Rf4 Nh5 16. Rf1 Nf6 17. Rf4 Nh5 18. Rf1 1/2-1/2

[Event "España ch-2015 sub-16"]
[Site "Salobreña ESP"]
[Date "2015.07.24"]
[Round "8.23"]
[White "Chao Vale, Fernando"]
[Black "Vidal Fernandez, Pablo"]
[Result "1/2-1/2"]
[WhiteElo "1937"]
[BlackElo "2057"]
[PlyCount "92"]
[EventDate "2015.07.20"]
[EventType "swiss"]
[EventRounds "9"]
[EventCountry "ESP"]
[Source "lmi"]
[SourceDate "2015.07.20"]

1. e4 c5 2. Nf3 e6 3. d4 cxd4 4. Nxd4 Nf6 5. Nc3 Nc6 6. Ndb5 Bb4 7. a3 Bxc3+ 8.
Nxc3 d5 9. exd5 exd5 10. Bd3 O-O 11. O-O d4 12. Ne2 Re8 13. Bg5 Re5 14. Bxf6
Qxf6 15. Ng3 Qd8 16. Qd2 Re8 17. Rfe1 Be6 18. Rad1 Qc7 19. Re4 Rad8 20. Bb5 Rd5
21. Bc4 Rdd8 22. Bxe6 Rxe6 23. Rde1 Rde8 24. Qg5 h6 25. Qd2 Rxe4 26. Rxe4 Rxe4
27. Nxe4 Qe5 28. Ng3 Qb5 29. b3 Qc5 30. a4 Nb4 31. h3 Nxc2 32. Ne2 a6 33. Qd3
g6 34. Qd2 Kg7 35. Qd1 Kh7 36. Qd2 a5 37. Qd1 Qf5 38. Nxd4 Nxd4 39. Qxd4 Qb1+
40. Kh2 Qxb3 41. Qd7 b6 42. g3 Qe6 43. Qd4 Qc6 44. Qf4 Kg7 45. Qd4+ Qf6 46. Qe3
h5 1/2-1/2

[Event "España ch-2015 sub-16"]
[Site "Salobreña ESP"]
[Date "2015.07.24"]
[Round "8.24"]
[White "Porlan Minarro, Antonio"]
[Black "Toval Lopez, Alberto"]
[Result "0-1"]
[WhiteElo "2040"]
[BlackElo "1904"]
[PlyCount "78"]
[EventDate "2015.07.20"]
[EventType "swiss"]
[EventRounds "9"]
[EventCountry "ESP"]
[Source "lmi"]
[SourceDate "2015.07.20"]

1. e4 c5 2. Nf3 Nc6 3. Bb5 e6 4. O-O Nge7 5. c3 a6 6. Ba4 b5 7. Bc2 Ng6 8. d4
cxd4 9. cxd4 d5 10. Qe2 Be7 11. e5 O-O 12. a4 b4 13. Nbd2 a5 14. Qe3 Ba6 15.
Rd1 Rc8 16. Bb1 Qb6 17. g3 Rc7 18. b3 Rfc8 19. Nf1 Nf8 20. Bb2 f6 21. Bd3 Bxd3
22. Qxd3 fxe5 23. dxe5 Nb8 24. Rac1 Bc5 25. Qe2 Nbd7 26. Kg2 Ng6 27. h4 Ne7 28.
Ne3 Bxe3 29. Qxe3 Qxe3 30. fxe3 Nf5 31. Rxc7 Nxe3+ 32. Kh3 Rxc7 33. Rc1 Rxc1
34. Bxc1 Nc2 35. Bb2 Nc5 36. Bd4 Nxb3 37. Bb6 Na3 38. Ng5 Nc4 39. Bc7 Nc5 0-1

[Event "España ch-2015 sub-16"]
[Site "Salobreña ESP"]
[Date "2015.07.24"]
[Round "8.25"]
[White "Garcia Sobrino, David"]
[Black "Cirera Sancho, Alberto"]
[Result "1-0"]
[WhiteElo "2011"]
[BlackElo "1903"]
[PlyCount "87"]
[EventDate "2015.07.20"]
[EventType "swiss"]
[EventRounds "9"]
[EventCountry "ESP"]
[Source "lmi"]
[SourceDate "2015.07.20"]

1. e4 c5 2. Nc3 d6 3. f4 Nc6 4. Nf3 g6 5. Bb5 Bd7 6. O-O Bg7 7. d3 e6 8. Bxc6
bxc6 9. Qe1 Ne7 10. e5 Nf5 11. Ne4 d5 12. Nxc5 Qb6 13. b4 a5 14. c3 O-O 15. g4
Ne7 16. Be3 Qc7 17. Nd4 Bc8 18. Rf3 g5 19. f5 exf5 20. gxf5 Qxe5 21. Qf2 Bf6
22. Re1 Qd6 23. Qg2 Kh8 24. Kh1 axb4 25. cxb4 Rg8 26. a4 Rb8 27. Rb1 g4 28.
Rff1 Be5 29. f6 Bxf6 30. Rxf6 Qxf6 31. Rf1 Nf5 32. Nxf5 Bxf5 33. Nd7 Qe6 34.
Bd4+ Rg7 35. Nxb8 Bxd3 36. Rf4 Qe1+ 37. Bg1 Be4 38. Rxe4 dxe4 39. Nxc6 Qc3 40.
Qxe4 g3 41. Qe8+ Rg8 42. Bd4+ Qxd4 43. a5 Qd8 44. b5 1-0

[Event "España ch-2015 sub-16"]
[Site "Salobreña ESP"]
[Date "2015.07.24"]
[Round "8.26"]
[White "Morona Minguez, Miguel"]
[Black "Rodriguez Mellado, Antonio"]
[Result "0-1"]
[WhiteElo "1924"]
[BlackElo "2007"]
[PlyCount "94"]
[EventDate "2015.07.20"]
[EventType "swiss"]
[EventRounds "9"]
[EventCountry "ESP"]
[Source "lmi"]
[SourceDate "2015.07.20"]

1. e4 d5 2. exd5 Qxd5 3. Nc3 Qd6 4. d4 Nf6 5. g3 c6 6. Bf4 Qd8 7. Nf3 g6 8. Bg2
Bg7 9. O-O O-O 10. Re1 Bf5 11. Qe2 Re8 12. Rad1 e6 13. Ne5 Nd5 14. Nxd5 exd5
15. Qd2 Nd7 16. b3 Nf6 17. Bg5 Qd6 18. Bxf6 Bxf6 19. f4 Bg7 20. c4 f6 21. c5
Qc7 22. Nd3 Be4 23. Bh3 b6 24. Rc1 f5 25. Ne5 bxc5 26. Rxc5 Bxe5 27. fxe5 Qb6
28. Rec1 Rac8 29. Bf1 Re6 30. Qa5 Qxa5 31. Rxa5 Rc7 32. Rac5 Kf7 33. Bb5 g5 34.
Bxc6 Ke7 35. Bxd5 Rxc5 36. Rxc5 Ra6 37. Bxe4 fxe4 38. a4 Rb6 39. Rb5 Rc6 40. d5
Rc2 41. Rb7+ Kd8 42. Rxa7 Rc5 43. b4 Rxd5 44. Ra5 Rd2 45. Rb5 e3 46. e6 Ke7 47.
a5 Rd1+ 0-1

[Event "España ch-2015 sub-16"]
[Site "Salobreña ESP"]
[Date "2015.07.24"]
[Round "8.27"]
[White "Krell Calvo, Daniel"]
[Black "Martinez Pla, Xavier"]
[Result "0-1"]
[WhiteElo "1560"]
[BlackElo "2005"]
[PlyCount "122"]
[EventDate "2015.07.20"]
[EventType "swiss"]
[EventRounds "9"]
[EventCountry "ESP"]
[Source "lmi"]
[SourceDate "2015.07.20"]

1. e4 c5 2. Nc3 Nc6 3. g3 g6 4. Bg2 Bg7 5. d3 d6 6. f4 e6 7. Nf3 Nge7 8. O-O
O-O 9. Be3 Rb8 10. Qd2 b5 11. d4 b4 12. Nd1 cxd4 13. Nxd4 Qc7 14. Nxc6 Nxc6 15.
Rb1 a5 16. c3 Ba6 17. Re1 Rfc8 18. b3 bxc3 19. Nxc3 Nb4 20. Na4 Qc2 21. Red1
Bd3 22. Rbc1 Qxd2 23. Rxc8+ Rxc8 24. Rxd2 Rc2 25. Rxc2 Bxc2 26. Bb6 Nxa2 27.
Bxa5 Bxb3 28. Nb6 Bd4+ 29. Kh1 d5 30. exd5 Bxb6 31. Bxb6 Bxd5 32. Bxd5 exd5 33.
Kg2 Nb4 34. Kf3 f5 35. Ke3 Nc6 36. Kd3 Kf7 37. Bc5 Ke6 38. Ba3 h5 39. Bc5 Ne7
40. Ba3 Ng8 41. Bc5 Nf6 42. Bd4 Ng4 43. Bg1 Kd6 44. Kc3 Nf6 45. Kd3 Nd7 46. Bf2
Nc5+ 47. Kd4 Ne6+ 48. Kd3 g5 49. Be3 gxf4 50. gxf4 Kc6 51. Kc3 Kb5 52. Kd3 Kb4
53. Bd2+ Kc5 54. Be3+ d4 55. Bc1 Kd5 56. Bd2 Nc5+ 57. Ke2 Ke4 58. Kf2 Kd3 59.
Bb4 Ne4+ 60. Kf3 Kc2 61. Kg2 d3 0-1

[Event "España ch-2015 sub-16"]
[Site "Salobreña ESP"]
[Date "2015.07.24"]
[Round "8.28"]
[White "Jarque Megias, Juan Jose"]
[Black "Aliane Diez, Aaron"]
[Result "1/2-1/2"]
[WhiteElo "1987"]
[BlackElo "1834"]
[PlyCount "95"]
[EventDate "2015.07.20"]
[EventType "swiss"]
[EventRounds "9"]
[EventCountry "ESP"]
[Source "lmi"]
[SourceDate "2015.07.20"]

1. e4 c6 2. Nc3 d5 3. Nf3 Nf6 4. e5 Ne4 5. Qe2 Nxc3 6. dxc3 e6 7. Bf4 Nd7 8.
O-O-O Nc5 9. Nd4 Be7 10. Be3 Bd7 11. f4 Qa5 12. Kb1 Qc7 13. g4 O-O-O 14. Nb3
Nxb3 15. cxb3 Kb8 16. Qf2 c5 17. Rg1 h5 18. gxh5 Rdg8 19. Be2 b6 20. Rg2 Bc6
21. Bf3 Qb7 22. Rdg1 Bf8 23. Qc2 Qc7 24. Bf2 Kb7 25. Bh4 d4 26. Bxc6+ Qxc6 27.
cxd4 Rxh5 28. Bf2 Rgh8 29. Bg3 cxd4 30. Qxc6+ Kxc6 31. Rc1+ Kb7 32. Rd2 Be7 33.
Rxd4 Rd8 34. Rcd1 Rhh8 35. Kc2 Rxd4 36. Rxd4 Rd8 37. Kd3 Kc6 38. a4 Rxd4+ 39.
Kxd4 b5 40. Ke4 a6 41. f5 exf5+ 42. Kxf5 Kd5 43. Be1 g6+ 44. Kf4 Bd8 45. axb5
axb5 46. Bc3 Bc7 47. Kg5 Bxe5 48. h4 1/2-1/2

[Event "España ch-2015 sub-16"]
[Site "Salobreña ESP"]
[Date "2015.07.24"]
[Round "8.29"]
[White "Panades Catarineu, Oriol"]
[Black "Gonzalez Capacete, Jose Miguel"]
[Result "0-1"]
[WhiteElo "1860"]
[BlackElo "1977"]
[PlyCount "83"]
[EventDate "2015.07.20"]
[EventType "swiss"]
[EventRounds "9"]
[EventCountry "ESP"]
[Source "lmi"]
[SourceDate "2015.07.20"]

1. e4 c5 2. Nf3 e6 3. d3 Nc6 4. Qe2 d6 5. g3 Nf6 6. Bg2 Be7 7. O-O O-O 8. c3 b5
9. e5 Nd5 10. c4 bxc4 11. dxc4 Nb6 12. exd6 Bxd6 13. Rd1 Qc7 14. Nc3 Ba6 15. b3
Rad8 16. Be3 Be7 17. Ne4 Nd7 18. g4 e5 19. g5 Bb7 20. Ng3 Rfe8 21. Nf5 Bf8 22.
Nd2 Nd4 23. Qg4 Bc8 24. Be4 Qb6 25. Qh4 g6 26. Nh6+ Kg7 27. Ng4 Bb7 28. Nf6
Nxf6 29. gxf6+ Kg8 30. Bxb7 Qxb7 31. Qe4 Qb6 32. Qh4 Nf5 33. Qh3 Qxf6 34. Ne4
Qc6 35. Rxd8 Rxd8 36. Qf3 Kg7 37. Bg5 Rd4 38. Re1 Qe6 39. Be3 Nh4 40. Qe2 Qh3
41. Qd1 Rxc4 42. Bc1 0-1

[Event "España ch-2015 sub-16"]
[Site "Salobreña ESP"]
[Date "2015.07.24"]
[Round "8.30"]
[White "Llamas Guevara, Francisco Jose"]
[Black "Guerrero Mendez, Luis"]
[Result "1/2-1/2"]
[WhiteElo "1945"]
[BlackElo "1732"]
[PlyCount "76"]
[EventDate "2015.07.20"]
[EventType "swiss"]
[EventRounds "9"]
[EventCountry "ESP"]
[Source "lmi"]
[SourceDate "2015.07.20"]

1. e4 e6 2. d4 d5 3. Nc3 dxe4 4. Nxe4 Bd7 5. Nf3 Bc6 6. Bd3 Nd7 7. O-O Ngf6 8.
Ng3 Bxf3 9. Qxf3 c6 10. c3 Be7 11. Bg5 O-O 12. Bxf6 Nxf6 13. Ne4 Nxe4 14. Qxe4
g6 15. Rad1 Qd5 16. Qxd5 exd5 17. Rfe1 Bf6 18. g3 Rfe8 19. Rxe8+ Rxe8 20. Kf1
Kg7 21. Re1 Rxe1+ 22. Kxe1 Be7 23. Ke2 Kf6 24. Kf3 Ke6 25. Ke3 Bd6 26. h3 h5
27. h4 f5 28. f4 Kf6 29. Be2 Ke6 30. Bd1 Be7 31. a3 a6 32. Be2 Bf8 33. b4 b5
34. Bd1 Be7 35. Kd3 Bf8 36. a4 Be7 37. axb5 axb5 38. Be2 Kd6 1/2-1/2

[Event "España ch-2015 sub-16"]
[Site "Salobreña ESP"]
[Date "2015.07.24"]
[Round "8.31"]
[White "Garcia Martin, Marta"]
[Black "Andrade Sandoval, Jim Carlos"]
[Result "1-0"]
[WhiteElo "2166"]
[BlackElo "1697"]
[PlyCount "106"]
[EventDate "2015.07.20"]
[EventType "swiss"]
[EventRounds "9"]
[EventCountry "ESP"]
[Source "lmi"]
[SourceDate "2015.07.20"]

1. e4 c5 2. Nf3 e6 3. d4 cxd4 4. Nxd4 a6 5. c4 Qc7 6. Nc3 Nf6 7. a3 Be7 8. Be3
d6 9. Be2 Nbd7 10. Rc1 b6 11. O-O Bb7 12. f3 O-O 13. b4 Rac8 14. Qd2 Qb8 15.
Rfd1 Rfd8 16. Nb3 Ba8 17. Bf1 Ne5 18. Na4 Nfd7 19. Qf2 b5 20. Ba7 Bh4 21. Qd4
Nc6 22. Bxb8 Nxd4 23. Nxd4 Rxb8 24. cxb5 Bg5 25. Rc3 axb5 26. Nxb5 d5 27. exd5
Bxd5 28. Nc7 Nf6 29. g3 Bh6 30. Nc5 g6 31. Rcd3 Bf8 32. Ne4 Kg7 33. Nxf6 Kxf6
34. Nxd5+ exd5 35. Rxd5 Rxd5 36. Rxd5 Ra8 37. Rd3 Rc8 38. Kf2 Rc2+ 39. Ke3 Rxh2
40. Rb3 Ra2 41. Bc4 Bd6 42. g4 Ke7 43. Ke4 f6 44. Kd5 Rd2+ 45. Kc6 Rd4 46. Bd5
h5 47. gxh5 gxh5 48. b5 h4 49. f4 Rxf4 50. b6 Ra4 51. Re3+ Be5 52. b7 Kd8 53.
Re2 Bc3 1-0

[Event "España ch-2015 sub-16"]
[Site "Salobreña ESP"]
[Date "2015.07.24"]
[Round "8.32"]
[White "Rodriguez Izquierdo, Luis"]
[Black "Lacruz Algarate, Alvaro"]
[Result "1/2-1/2"]
[WhiteElo "1828"]
[BlackElo "2072"]
[PlyCount "61"]
[EventDate "2015.07.20"]
[EventType "swiss"]
[EventRounds "9"]
[EventCountry "ESP"]
[Source "lmi"]
[SourceDate "2015.07.20"]

1. e4 e6 2. d4 d5 3. Nc3 Nf6 4. e5 Nfd7 5. f4 c5 6. Nf3 Nc6 7. Be3 cxd4 8. Nxd4
Bc5 9. Qd2 O-O 10. O-O-O a6 11. Qf2 Qe7 12. Kb1 Nxd4 13. Bxd4 b5 14. Bd3 Bxd4
15. Qxd4 Qc5 16. Qxc5 Nxc5 17. a3 Bb7 18. Ne2 Rac8 19. Nd4 Rc7 20. Rhf1 Re8 21.
Rf3 Nd7 22. Re1 Nb6 23. g4 Nc4 24. Kc1 Rce7 25. g5 g6 26. h4 h5 27. Rf2 Rc7 28.
Rf3 Rce7 29. Rf2 Rc7 30. Rf3 Rce7 31. Rf2 1/2-1/2

[Event "España ch-2015 sub-16"]
[Site "Salobreña ESP"]
[Date "2015.07.24"]
[Round "8.34"]
[White "Aledo Yanguas, Javier"]
[Black "Losa Ordonez, Juan Jose"]
[Result "1-0"]
[WhiteElo "2017"]
[BlackElo "1822"]
[PlyCount "89"]
[EventDate "2015.07.20"]
[EventType "swiss"]
[EventRounds "9"]
[EventCountry "ESP"]
[Source "lmi"]
[SourceDate "2015.07.20"]

1. e4 e6 2. d4 d5 3. e5 c5 4. c3 Qb6 5. Nf3 Nc6 6. a3 Nh6 7. b4 cxd4 8. cxd4
Nf5 9. Be3 f6 10. exf6 gxf6 11. Bd3 Nxe3 12. fxe3 Bh6 13. Qe2 Bd7 14. Nc3 Ne7
15. Nd2 O-O-O 16. b5 Qa5 17. O-O Kb8 18. Rfc1 e5 19. Nb3 Qb6 20. a4 e4 21. Bb1
Rhg8 22. a5 Qd6 23. b6 a6 24. Nc5 Bg4 25. Nxa6+ bxa6 26. Qxa6 Bxe3+ 27. Kh1
Bxc1 28. Qa7+ Kc8 29. b7+ Kd7 30. b8=Q+ Ke6 31. Qxd6+ Rxd6 32. Nxe4 Be3 33.
Nxd6 Bf3 34. Bf5+ Nxf5 35. Qf7+ Kxd6 36. Qxg8 Bxd4 37. gxf3 Bxa1 38. a6 Bd4 39.
Qb8+ Ke6 40. a7 Bxa7 41. Qxa7 Ke5 42. Qc7+ Ke6 43. Qxh7 d4 44. f4 Nd6 45. Qg8+
1-0

[Event "España ch-2015 sub-16"]
[Site "Salobreña ESP"]
[Date "2015.07.24"]
[Round "8.35"]
[White "Rodriguez Sanz, Ismael"]
[Black "Martinez Lopez, Carlos"]
[Result "1/2-1/2"]
[WhiteElo "1816"]
[BlackElo "1996"]
[PlyCount "67"]
[EventDate "2015.07.20"]
[EventType "swiss"]
[EventRounds "9"]
[EventCountry "ESP"]
[Source "lmi"]
[SourceDate "2015.07.20"]

1. d4 Nf6 2. c4 c5 3. d5 e6 4. Nc3 exd5 5. cxd5 d6 6. Nf3 g6 7. Bg5 Bg7 8. e3
O-O 9. Be2 a6 10. a4 h6 11. Bh4 Qb6 12. Qc1 g5 13. Bg3 Nh5 14. Nd2 Nxg3 15.
hxg3 f5 16. Nc4 Qc7 17. O-O Nd7 18. Qd2 Rb8 19. Rfd1 b6 20. e4 Bxc3 21. Qxc3
fxe4 22. b4 Nf6 23. Ne3 Qf7 24. Rab1 Bb7 25. bxc5 bxc5 26. Rb6 Nxd5 27. Nxd5
Qxf2+ 28. Kh2 Qxe2 29. Ne7+ Kh7 30. Rdxd6 Qh5+ 31. Kg1 Bc6 32. Rdxc6 Qd1+ 33.
Kh2 Qh5+ 34. Kg1 1/2-1/2

[Event "España ch-2015 sub-16"]
[Site "Salobreña ESP"]
[Date "2015.07.24"]
[Round "8.36"]
[White "Guerra Arrocha, Daniel"]
[Black "Zuniga Arraras, Marina"]
[Result "1-0"]
[WhiteElo "1989"]
[BlackElo "1781"]
[PlyCount "91"]
[EventDate "2015.07.20"]
[EventType "swiss"]
[EventRounds "9"]
[EventCountry "ESP"]
[Source "lmi"]
[SourceDate "2015.07.20"]

1. Nf3 e6 2. g3 Nf6 3. Bg2 d5 4. O-O c5 5. d3 Nc6 6. Nbd2 Be7 7. c3 Qc7 8. e4
b6 9. Re1 Bb7 10. Qe2 h6 11. Nf1 dxe4 12. dxe4 e5 13. Nh4 O-O 14. Nf5 Bd6 15.
N1e3 Ne7 16. Nxe7+ Bxe7 17. Nd5 Nxd5 18. exd5 Bd6 19. Qh5 f5 20. c4 Qf7 21. Qe2
a6 22. b3 Rae8 23. Bb2 Bc8 24. a3 Qg6 25. Bf3 Qf7 26. Bc3 e4 27. Bg2 f4 28.
Bxe4 f3 29. Qd3 Qh5 30. Bh7+ Kh8 31. Rxe8 Qxe8 32. Bg6 Qd7 33. Bh5 Qf5 34. Qxf5
Rxf5 35. Bg4 Rf8 36. Bxc8 Rxc8 37. Re1 b5 38. Re6 Rd8 39. Rxh6+ Kg8 40. Rg6 Rd7
41. h4 Kh7 42. h5 bxc4 43. bxc4 Bf8 44. Rxa6 Rb7 45. Bd2 Rb1+ 46. Kh2 1-0

[Event "España ch-2015 sub-16"]
[Site "Salobreña ESP"]
[Date "2015.07.24"]
[Round "8.37"]
[White "Valdepenas Octavio, Javier"]
[Black "Dominguez Fernandez, Angel I"]
[Result "1/2-1/2"]
[WhiteElo "1778"]
[BlackElo "1988"]
[PlyCount "61"]
[EventDate "2015.07.20"]
[EventType "swiss"]
[EventRounds "9"]
[EventCountry "ESP"]
[Source "lmi"]
[SourceDate "2015.07.20"]

1. e4 e6 2. d4 d5 3. e5 b6 4. c3 Qd7 5. Nf3 Ne7 6. Bd3 Ba6 7. O-O Bxd3 8. Qxd3
c5 9. Re1 Nbc6 10. a3 c4 11. Qc2 Na5 12. Nbd2 Nf5 13. Rb1 Be7 14. Nf1 O-O 15.
Bg5 Bxg5 16. Nxg5 h6 17. Nf3 Rab8 18. Ne3 Nxe3 19. Rxe3 b5 20. Nd2 Nc6 21. Nf1
a5 22. Ng3 Ne7 23. Qe2 b4 24. axb4 axb4 25. Qg4 Kh8 26. cxb4 Rxb4 27. Nh5 Ng6
28. Rh3 Rb3 29. Rxb3 cxb3 30. Qf3 Qb5 31. Rc1 1/2-1/2

[Event "España ch-2015 sub-16"]
[Site "Salobreña ESP"]
[Date "2015.07.24"]
[Round "8.38"]
[White "Navarro Cabrera, Carlos"]
[Black "Lechuga Cabrero, Diego"]
[Result "1-0"]
[WhiteElo "1926"]
[BlackElo "1753"]
[PlyCount "97"]
[EventDate "2015.07.20"]
[EventType "swiss"]
[EventRounds "9"]
[EventCountry "ESP"]
[Source "lmi"]
[SourceDate "2015.07.20"]

1. e4 e5 2. Nf3 Nc6 3. Bb5 a6 4. Ba4 Nf6 5. O-O b5 6. Bb3 Be7 7. Re1 O-O 8. h3
d6 9. c3 Na5 10. Bc2 c5 11. d4 Qc7 12. Nbd2 Bb7 13. d5 Rac8 14. b3 Rb8 15. Nf1
Bc8 16. Ng3 c4 17. b4 Nb7 18. Nf5 Bxf5 19. exf5 a5 20. a3 axb4 21. axb4 Ra8 22.
Rb1 Ra2 23. g4 Nxd5 24. Qxd5 Rxc2 25. Bb2 Qb6 26. Re3 Qa6 27. Qd1 Qa4 28. Ne1
Rxb2 29. Qxa4 bxa4 30. Rxb2 Bg5 31. Ree2 f6 32. Ra2 Ra8 33. Nc2 d5 34. Ne3 Bxe3
35. fxe3 Nd6 36. Kf1 Nb5 37. Rec2 a3 38. Ke1 g6 39. fxg6 hxg6 40. Rc1 Kf7 41.
h4 Rh8 42. Rh2 Ra8 43. Kd2 d4 44. exd4 exd4 45. cxd4 Nxd4 46. Kc3 Nb3 47. Rcc2
Rc8 48. Ra2 Ra8 49. Rhc2 1-0

[Event "España ch-2015 sub-16"]
[Site "Salobreña ESP"]
[Date "2015.07.24"]
[Round "8.39"]
[White "Munoz Avila, Jose Luis"]
[Black "Manguez Tomas, Andres"]
[Result "1-0"]
[WhiteElo "1908"]
[BlackElo "1740"]
[PlyCount "135"]
[EventDate "2015.07.20"]
[EventType "swiss"]
[EventRounds "9"]
[EventCountry "ESP"]
[Source "lmi"]
[SourceDate "2015.07.20"]

1. d4 f5 2. Nc3 d5 3. Bf4 c6 4. e3 Nf6 5. Bd3 e6 6. Nf3 Be7 7. O-O O-O 8. h3
Nbd7 9. Ne2 Ne4 10. c4 Bd6 11. cxd5 exd5 12. Bxd6 Nxd6 13. Nf4 Qe7 14. h4 Ne4
15. Rc1 Rf6 16. a3 Rh6 17. g3 Ndf6 18. Ne5 Nd7 19. Nxd7 Bxd7 20. Kg2 Rf8 21.
Rh1 Nf6 22. b4 a6 23. Be2 Ng4 24. Qb3 b5 25. a4 Rb8 26. axb5 axb5 27. Ra1 Rf8
28. Qb1 Bc8 29. Ra2 Re8 30. Bd3 Rf8 31. Re2 Rhf6 32. Rhe1 Bb7 33. f3 Nh6 34.
Ra2 R6f7 35. Kf2 Qe8 36. Bc2 Re7 37. Re2 Ref7 38. Nd3 Qe7 39. Ra7 Qd8 40. Bb3
Qb8 41. Rea2 g6 42. Nc5 Bc8 43. Ra8 Qd6 44. Nd3 Re7 45. Bc2 Nf7 46. f4 h6 47.
Ne5 Kg7 48. Ke2 Qe6 49. Kd3 g5 50. hxg5 hxg5 51. Bb3 Rh8 52. Rg2 Rh3 53. Qg1
Nxe5+ 54. dxe5 g4 55. Rh2 Bb7 56. Raa2 Re8 57. Rxh3 gxh3 58. Bd1 d4 59. Ra7
Qc4+ 60. Kd2 dxe3+ 61. Qxe3 Rd8+ 62. Ke1 Qxb4+ 63. Kf2 Qb2+ 64. Be2 Rd7 65. Qb6
h2 66. Rxb7 h1=Q 67. Rxd7+ Kh6 68. Rd6+ 1-0